Statistics for Magyarország megyeszékhelyei

Click here to take the quiz!

General Stats

  • This quiz has been taken 294 times
  • The average score is 17 of 19

Answer Stats

HintAnswer% Correct
PestBudapest
100%
Győr-Moson-SopronGyőr
99%
BaranyaPécs
96%
Jász-Nagykun-SzolnokSzolnok
95%
VeszprémVeszprém
95%
CsongrádSzeged
94%
Hajdú-BiharDebrecen
94%
BékésBékéscsaba
93%
Borsod-Abaúj-ZemplénMiskolc
93%
FejérSzékesfehérvár
92%
Szabolcs-Szatmár-BeregNyíregyháza
91%
ZalaZalaegerszeg
91%
Bács-KiskunKecskemét
87%
HevesEger
87%
Komárom-EsztergomTatabánya
81%
TolnaSzekszárd
79%
NógrádSalgótarján
77%
VasSzombathely
77%
SomogyKaposvár
71%

Score Distribution

Percentile by Number Answered

Percent of People with Each Score

Your Score History

You have not taken this quiz